000 01071naa a22003017a 4500
001 BR8705837
003 BR-BrBNA
005 20250721154524.0
007 ta
008 250630b bl.|||m| |||| 00| 0 por d
040 _aBR-BrBNA
_bpor
_cBiblioteca Nacional de Agricultura
041 _a(Pt)
072 _aF02
_b1850
_b2790
_b3540
090 _aF02 BR8705837
100 1 _aNunes, M.U.C.
100 1 _aAraujo, H.M. de
111 1 _a1. Seminario Agropecuario do Acre
_cRio Branco, AC (Brazil)
_d13-17 Jun 1983
245 1 _aEnxertia de tomate em jurubeba
500 _a1. Seminario Agropecuario do Acre. Anais Rio Branco, AC (Brasil): 1983. p. 285-291 [15 ref.] (BR8705837-AMS)
773 0 _t1. Seminario Agropecuario do Acre. Anais
_wF02 BR8705837
_gRio Branco, AC (Brasil), 1983. p. 285-291
650 _aTOMATE
650 _aVARIEDADE
650 _aENXERTO
650 _aJURUBEBA
490 _aDocumentos - Unidade de Execucao de Pesquisa de Ambito Estadual de Rio Branco (Brazil)
_vno. 4
942 _cAMS
_2AGRIS
909 _a202506
_bLúcia
_c55
_dLúcia Elande
999 _c335332
_d335332